Psicología y sentido del pecado
Saved in:
| Hovedforfatter: | |
|---|---|
| Format: | Bog |
| Sprog: | spansk |
| Udgivet: |
Madrid
Marova
1970
|
| Serier: | Colección Nuevas Fronteras
|
| Fag: | |
| Tags: |
Tilføj Tag
Ingen Tags, Vær først til at tagge denne postø!
|
MARC
| LEADER | 00000nam a2200000 a 4500 | ||
|---|---|---|---|
| 001 | UCL2255 | ||
| 003 | CL-VaPUC | ||
| 008 | 031017e19700000SP |||||||||||||||||spa|d | ||
| 082 | 0 | 4 | |a 241.3 |b ORA |2 21 |
| 100 | |a Oraison, Marc |e autor |9 329711 | ||
| 245 | 1 | 0 | |a Psicología y sentido del pecado |
| 300 | |a 109 p | ||
| 942 | |c BK | ||
| 945 | |d 20031017 00:00:00 |a vberengu | ||
| 260 | |a Madrid |b Marova |c 1970 | ||
| 650 | 0 | |a Psicología |9 257863 | |
| 650 | 0 | |a Aspectos morales |9 256217 | |
| 650 | 0 | |a Virtud y vicio |9 310637 | |
| 650 | 0 | |a Pecado |9 314980 | |
| 583 | |a last modification |c 20130101 08:42:02 |k Rodrigo Vera | ||
| 490 | 0 | |a Colección Nuevas Fronteras | |
| 999 | |c 305606 |d 305604 | ||
| 952 | |0 0 |1 0 |4 0 |6 241_300000000000000_ORA_1970 |7 0 |8 A |9 369731 |a BIBTEO |b BIBTEO |d 2019-11-21 |i 2090309 |o 241.3 ORA 1970 |p 2090309 |r 2025-01-17 |w 2019-11-21 |y BK |k ICR | ||